| 000 | 00903nam a2200241 i 4500 | ||
|---|---|---|---|
| 001 | 71050 | ||
| 003 | ES-MaACL | ||
| 005 | 20250911222625.0 | ||
| 007 | t| | ||
| 008 | 040805s1972 sp ||||1| spa d | ||
| 100 | 1 |
_aGaspar, Lorand. _955883 |
|
| 245 | 1 | 0 |
_aHistorias de Palestina / _cLorand Gaspar ; [traducción y notas, Ignacio Fontes y Susana Olmos ; anejo, Eduardo Haro Tecglen]. |
| 260 |
_a[Madrid] : _bMiguel Castellote, _c[1972] |
||
| 300 |
_a182 p., 1 h. map. ; _c17 cm. |
||
| 490 | 1 |
_aColección de Bolsillo Básica, 15. Sección Política ; _v58-61 |
|
| 651 | 4 |
_aPalestina- _xHistoria. _99197 |
|
| 700 | 1 |
_aFontes, Ignacio. _951642 |
|
| 700 | 1 |
_aOlmos, Susana. _986990 |
|
| 700 | 1 |
_aHaro Tecglen, Eduardo, _d1924-2005 _961879 |
|
| 830 | 0 |
_aColección de Bolsillo Básica, 15. Sección Política ; _v58-61 _9231058 |
|
| 852 |
_aES-MaACL _jC-52131 _bR.84658 |
||
| 999 |
_c71050 _d71050 |
||